=LDR 00000nam 2200000 4500 =001 INLIS00000000000056 =005 20260702043538 =020 ##$$a 978-623-5436-05-0 =082 ##$$a 899.221 =100 1#$$a Emirfan =245 1 $$a Leave Your Boring Box: Kumpulan Kisah Sederhana Yang Menjadi Mewah Karena Kalian Membacanya /$c Emirfan =300 ##$$a vi+138 Hlm. ; 13,5 x 20 cm